Isabel y Essex
Biografía de la reina Isabel I de Inglaterra. Obra que relata de manera controvertida, sarcástica y anecdótica la relación de la Reina Isabel I y el conde de Essex, uno de sus amoríos favoritos, entre otras situaciones conflictivas que sucedieron en la vida de una de las reinas más destacadas de la...
Saved in:
| Main Author: | |
|---|---|
| Format: | Book |
| Language: | Undetermined |
| Published: |
Barcelona, España
Lumen
1984
|
| Subjects: | |
| Tags: |
Add Tag
No Tags, Be the first to tag this record!
|
MARC
| LEADER | 00000nam a2200000Ia 4500 | ||
|---|---|---|---|
| 008 | 170316s9999 xx 000 0 und d | ||
| 040 | |a cru BVZT | ||
| 090 | |a 820 S-18i | ||
| 100 | |a Strachey, Lytton |9 1302 | ||
| 245 | |a Isabel y Essex |c / Lytton Strachey | ||
| 260 | |a Barcelona, España | ||
| 260 | |b Lumen | ||
| 260 | |c 1984 | ||
| 300 | |a 240 páginas | ||
| 520 | |a Biografía de la reina Isabel I de Inglaterra. Obra que relata de manera controvertida, sarcástica y anecdótica la relación de la Reina Isabel I y el conde de Essex, uno de sus amoríos favoritos, entre otras situaciones conflictivas que sucedieron en la vida de una de las reinas más destacadas de la historia inglesa. | ||
| 650 | |a LITERATURA INGLESA |9 12 | ||
| 650 | |a BIOGRAFÍA - REINA ISABEL I DE INGLATERRA |9 1303 | ||
| 999 | |c 7078 |d 7078 | ||
| 942 | |c 15 D |h 820 S-18i |2 z | ||
